| 000 | 00654cab a2200217 4500 | ||
|---|---|---|---|
| 001 | WB2626-54 | ||
| 008 | 090401t1990 xxu||||| |||| 00| 0 eng d | ||
| 035 | _a(Sirsi) u3458 | ||
| 041 | _aeng | ||
| 245 | _aPutting a price on saving the environment | ||
| 260 | _c1990 | ||
| 350 | _a0 | ||
| 490 |
_aBirmingham Post _v28/6/90 pB28 |
||
| 520 | _aAccording to a KPMG Peat Marwick survey "Business and the Environment" farmers feel that measures to protect the environment are affecting their profits. | ||
| 650 | _aCONSERVATION | ||
| 650 | _aFARMIMG INDUSTRY | ||
| 650 | _aFARMLAND | ||
| 690 | _aRURAL PRACTICE | ||
| 942 | _n0 | ||
| 948 | _c04/03/1997 | ||
| 999 |
_c2125 _d2125 |
||